00695nam a2200229 u 45000010006000000050017000060080041000230350010000640410008000740820008000821000042000902450078001322600061002103000018002715000024002896500030003136500018003437000039003617000045004005020012004455260008004573847120260428111301.0960313s1983 ||||||m| spa  a38471 aspa 4a34810aCano Taborda, Luis Fernando4auteaut10aRegimen legal de la contratacion administrativa doctrina y jurisprudencia aMedellín :bEditorial Universidad de Antioquia,c1983. a300 páginas aU de a fac d y c p. 7aContratoszColombia2lemb 7aDerecho2lemb10aGomez Cifuentes, Rodrigo4auteaut10aPerez Arroyave, Maria Victoria4auteaut b133c14 a135